Ninho- Mamacita- Paroles - Statistiques

Statistiques générales
  • Ce quiz a été pris 236 fois
  • Le résultat moyen est 256 sur 352
Statistiques - réponses
Paroles % Correct
ma
97%
la
94%
tu
93%
Tu
93%
à
92%
de
92%
que
92%
mamacita
91%
ce
90%
et
90%
me
90%
Oh
90%
oh
90%
le
89%
je
88%
du
87%
J'suis
87%
j'suis
87%
pas
87%
est
86%
par
85%
un
85%
Un
85%
vida
85%
en
83%
j'ai
83%
(J'ai
83%
si
82%
les
80%
moi
80%
qu'à
80%
vie
80%
vie)
80%
Vie
80%
mon
78%
Tête
78%
tête
78%
bandit
77%
va
77%
amour
76%
amour)
76%
dur
76%
Mais
76%
mais
76%
on
76%
(On
76%
parce
76%
Parce
76%
veux
76%
veux)
76%
chance
75%
chercher
75%
donc
74%
fils
74%
laisse
74%
bas
73%
bosser
73%
brulée
73%
chez
73%
heure
73%
j'dois
73%
midi
73%
retourner
73%
tomber
73%
vienne
73%
des
72%
Des
72%
sinon
72%
fasse
71%
J'veux
71%
minuit
71%
père
71%
raisonner
71%
réseau
71%
toda
71%
tour
71%
6
70%
Arrête
70%
fais
70%
four
70%
s'voit
70%
avec
69%
d'la
69%
m'disais
69%
taff
69%
traficante
69%
après
68%
gérant
68%
liasse
67%
Calle
66%
Bébé
64%
elle
64%
m'supporteras
64%
comme
63%
Euro
63%
euro
63%
coup
62%
dans
62%
(Dans
62%
peut
62%
quartier
62%
tout
62%
yoyo
62%
rotation
61%
toi
61%
attention
60%
même
60%
numéro
60%
sais
60%
ton
60%
changé
59%
dernier
59%
deux
59%
disciplinaire
59%
nous
59%
Nouvelle
59%
nouvelle
59%
capturer
58%
m'faire
58%
fenêtre
57%
Ferrari
57%
Ferrari)
57%
Fleury
57%
j'coupais
57%
j'peux
57%
lit
57%
location
57%
ouais
57%
passe
57%
rappelle
57%
rien
57%
sur
57%
t'écoutais
57%
Bonnie
56%
dessous
56%
disais
56%
gâcher
56%
(Gâcher
56%
gros
56%
pieds
56%
y'a
56%
bord
55%
coeur
55%
commis
55%
d'fil
55%
J'me
55%
j'me
55%
Clyde
53%
sois
53%
vaisseau
53%
c'que
52%
d'avant
52%
liasses
52%
bonnet
50%
inséparables
50%
Juste
50%
qu'ça
50%
bah
49%
faisaient
48%
l'eczéma
48%
silencieuse
48%
veines
48%
nan
45%
Nan
45%
jour
44%
qu'un
43%
mbilas
35%
Oui
34%
ien-ien
26%
ients-cli
26%
los-ki
25%
Aucun quiz correspondant
Distribution des résultats
% des personnes avec chaque résultat
Percentile par nombre de réponses
Votre historique - résultats
Vous n’avez pas pris ce quiz